Financement des équipements éducatifs et décentralisation
Salvato in:
| Natura: | Libro |
|---|---|
| Lingua: | francese inglese |
| Pubblicazione: |
Paris
OECD
2002
|
| Soggetti: | |
| Tags: |
Nessun Tag, puoi essere il primo ad aggiungerne!!
|
MARC
| LEADER | 00000nam a2200000 4500 | ||
|---|---|---|---|
| 001 | c140043 | ||
| 005 | 20240104114911.7 | ||
| 020 | |a 92-64-09729-5 | ||
| 041 | 0 | |a fre | |
| 041 | 0 | |a eng | |
| 044 | |a FR | ||
| 245 | 1 | 0 | |a Financement des équipements éducatifs et décentralisation |
| 264 | 1 | |a Paris |b OECD |c 2002 | |
| 300 | |a 204 s. | ||
| 610 | 2 | 0 | |a vzdelávanie |
| 610 | 2 | 0 | |a vzdelanie |
| 610 | 2 | 0 | |a výchova |
| 610 | 2 | 0 | |a vybavenosť technická |
| 610 | 2 | 0 | |a kvalita |
| 610 | 2 | 0 | |a výdavky |
| 610 | 2 | 0 | |a financovanie |
| 610 | 2 | 0 | |a investície |
| 610 | 2 | 0 | |a banky |
| 610 | 2 | 0 | |a Mexiko |
| 610 | 2 | 0 | |a Kanada |
| 610 | 2 | 0 | |a Francúzsko |
| 610 | 2 | 0 | |a svet |
| 610 | 2 | 0 | |a OECD |